000 00601nam a22002057a 4500
005 20251108173345.0
008 250721s1996 xx 000 0 ara d
020 _a9770093947
082 1 4 _aط/932
100 1 _aحسن، هلا
245 1 0 _aقدماء المصريين /
264 1 _aالجيزة :
_bمكتبة بسام،
_c1996.
300 _a16ص.
490 0 _aلمحات من تاريخ مصر و العرب
_v1
650 1 7 _aتاريخ مصر
650 1 7 _aتاريخ مصر القديمة
653 _a(سنة 14-10) ناشئون صغار
942 _2ddc
_cBK
999 _c102042
_d102042